000 00337nam a22001457a 4500
999 _c15518
_d15518
003 OSt
008 180830b ||||| |||| 00| 0 eng d
020 _a0075480158
082 _a532
_bSTR/FL
100 _aStreeter, victor L
_93291
245 _aFluid mechanics
260 _aSingapore
_bMcGraw hill
_c1981
300 _a562
942 _cBBS